Normal view
MARC view
- التلفزيون - عقود - قانون
Entry Topical Term
001 - CONTROL NUMBER
- control field: 47205
003 - CONTROL NUMBER IDENTIFIER
- control field: JO-AjAnu
005 - DATE AND TIME OF LATEST TRANSACTION
- control field: 20230606081809.0
008 - FIXED-LENGTH DATA ELEMENTS
- fixed length control field: 230606|| aca||aabn | a|a d
040 ## - CATALOGING SOURCE
- Original cataloging agency: JO-AjAnu
- Transcribing agency: JO-AjAnu
150 ## - HEADING--TOPICAL TERM
- Topical term or geographic name entry element: التلفزيون - عقود - قانون
670 ## - SOURCE DATA FOUND
- Source citation: Work cat.: (JO-AjAnu)24158: خيال، محمود السيد عبد المعطي, author 47204, التعاقد عن طريق التلفزيون